000 00587nam a2200181 a 4500
005 20231013063620.0
008 991125n1944 mx 000 0 spa u
035 _aUPN01000124840
049 _aLT
050 4 _aLB1583 M6.4
_bM6.2 1944
100 1 _aMonroy Padilla, Salvador
_929364
245 1 0 _aArreglo geográfico de la República Mexicana /
_cSalvador Monroy Padilla.
260 _aMéxico :
_b[s.n.,
_c1944?].
300 _a90 p. :
_bmapas
500 _a"Para el 4o. año de instrucción primaria"
650 4 _aGeografía
_xEstudio y enseñanza (Elemental)
_92801
905 _aLibro
999 _c97019
_d97019